An historical discourse delivered before the First Congregational Society in Harvard, Massachusetts, October 22, 1882
Machine generated contents note: 1. Advances in Gas Chromatography-Olfactometry1 -- A. R. Mayol and T. E. Acree -- 2. Application of Gas Chromatography-Olfactometry -- to Flavor Creation 1 -- Hisakatsu Iwabuchi, Yuriko Imayoshi, Yasue Yoshida, -- and Hiroshi Saeki -- 3. Characterization of the Odor-...
| Main Author: | |
|---|---|
| Corporate Author: | |
| Contributors: | |
| Format: | Electronic Book |
| Language: | English |
| Check availability: | HBZ Gateway |
| Interlibrary Loan: | Interlibrary Loan for the Fachinformationsdienste (Specialized Information Services in Germany) |
| Published: |
Boston, Mass.
George E. Littlefield
1884
|
| In: | Year: 1884 |
| Further subjects: | B
First Congregational Church (Harvard, Mass.)
History
B Harvard (Mass.) Church history B History |
| Online Access: |
Table of Contents Volltext (kostenfrei) |
| Sammlungen: |
MARC
| LEADER | 00000cam a22000002c 4500 | ||
|---|---|---|---|
| 001 | 1893597512 | ||
| 003 | DE-627 | ||
| 005 | 20250625200133.0 | ||
| 007 | cr uuu---uuuuu | ||
| 008 | 240703s1884 xx |||||o 00| ||eng c | ||
| 035 | |a (DE-627)1893597512 | ||
| 035 | |a (DE-599)KXP1893597512 | ||
| 035 | |a (PRTC)historicaldiscou00chan | ||
| 040 | |a DE-627 |b ger |c DE-627 |e rda | ||
| 041 | |a eng | ||
| 050 | 0 | |a F 74.H4 | |
| 084 | |a 1 |2 ssgn | ||
| 100 | 1 | |a Chandler, Seth |d 1806-1889 |e VerfasserIn |4 aut | |
| 245 | 1 | 0 | |a An historical discourse delivered before the First Congregational Society in Harvard, Massachusetts, October 22, 1882 |c by Seth Chandler ; with an appendix by Samuel A. Green |
| 264 | 1 | |a Boston, Mass. |b George E. Littlefield |c 1884 | |
| 300 | |a 1 Online-Ressource (28 p.) | ||
| 336 | |a Text |b txt |2 rdacontent | ||
| 337 | |a Computermedien |b c |2 rdamedia | ||
| 338 | |a Online-Ressource |b cr |2 rdacarrier | ||
| 500 | |a Appendix (p. [24]-28) is a sketch of the early history of Harvard | ||
| 520 | |a Machine generated contents note: 1. Advances in Gas Chromatography-Olfactometry1 -- A. R. Mayol and T. E. Acree -- 2. Application of Gas Chromatography-Olfactometry -- to Flavor Creation 1 -- Hisakatsu Iwabuchi, Yuriko Imayoshi, Yasue Yoshida, -- and Hiroshi Saeki -- 3. Characterization of the Odor-Active Constituents -- in Fresh and Processed Hops (variety Spalter Select)23 -- Peter Schieberle and Martin Steinhaus -- 4. Application of a Comparative Aroma Extract -- Dilution Analysis to Monitor Changes in Orange -- Juice Aroma Compounds during Processing 33 -- A. Buettner and P. Schieberle -- 5. Trace Compound Analysis for Off-Flavor -- Characterization of Micromilled Milk Powder 46 -- Martin Preininger and Frank Ullrich -- 6. Tequilas: Charm Analysis of Blanco, Reposado, -- and Anejo Tequilas6 62 -- Mercedes G. L6pez and Jean Pierre Dufour -- 7. Aroma Active Internal Standards for Gas -- Chromatography-Olfactometry of Grapefruit Juices73 -- Russell Rouseff, Prashanthi Jella, Rusty Bazemore, -- and Jing-jing Yang -- 8. SPME and GC-AED-Olfactometry for the Detection -- of Trace Odorants in Essential Oils 88 -- S. Grant Wyllie, Kerry-Ann Merry, and David N. Leach -- 9. The Identification of Aroma Compounds in Key -- Lime Oil Using Solid-Phase Microextraction -- and Gas Chromatography-Olfactometry100 -- M. G. Chisholm, M. A. Wilson, G. M. Gaskey, J. A. Jell, and -- D. M. Cass, Jr. -- 10. SPME Analysis of Flavor Components in the -- Headspace of Scotch Whiskey and Their Subsequent -- Correlation with Sensory Perception 113 -- John Conner, Kenneth Reid, and Graeme Richardson -- 11. Solid-Phase Microextraction Combined with Gas -- Chromatography-Olfactometry for Analysis -- of Cheese Aroma123 -- Jean-Pierre Dufour, P. Delbecq, and L. Perez Albela -- 12. Aroma Extract Dilution Analysis versus -- Aroma Extract Concentration Analysis138 -- W. Grosch, R. Kerscher, J. Kubickova, and T. Jagella -- 13. Selecting Standards for Gas Chromatography- -- O lfactom etry148 -- Jane E. Friedrich, Terry E. Acree, and Edward H. Lavin -- 14. Limitations in the Use of Odor Activity Values -- to Determine Important Odorants in Foods156 -- Val6rie Audouin, Florence Bonnet, Zata M. Vickers, -- and Gary A. Reineccius -- 15. Odor Intensity Measurements in Gas Chromatography- -- Olfactometry Using Cross Modality Matching: -- Evaluation of Training Effects172 -- G. Callement, M. Bouchet, D. Langlois, P. Eti6vant, -- and C. Salles -- 16. Aroma of Roasted Sesame Oil: Characterization -- by Direct Thermal Desorption-Gas Chromatography- -- Olfactometry and Sample Dilution Analysis 187 -- Keith R. Cadwallader and Jeong Heo -- AuthorIndex203 -- Subject Index204. | ||
| 601 | |a Massachusetts | ||
| 610 | 1 | 0 | |a First Congregational Church (Harvard, Mass.) |x History |
| 651 | 0 | |a Harvard (Mass.) |x Church history | |
| 655 | 0 | |a History | |
| 700 | 1 | |a Green, Samuel A. |d 1830-1918. |e MitwirkendeR |4 ctb | |
| 710 | 2 | |a Library of Congress |e MitwirkendeR |4 ctb | |
| 856 | 4 | 0 | |u https://commons.ptsem.edu/id/historicaldiscou00chan |m X:PRTC |x Digitalisierung |z kostenfrei |7 0 |
| 856 | 4 | 2 | |u http://www.loc.gov/catdir/toc/fy02/02001900.html |m X:PRTC |3 Inhaltsverzeichnis |7 1 |
| 935 | |a PRTC |a mteo | ||
| 951 | |a BO | ||
| ELC | |a 1 | ||
| LOK | |0 000 xxxxxcx a22 zn 4500 | ||
| LOK | |0 001 454609602X | ||
| LOK | |0 003 DE-627 | ||
| LOK | |0 004 1893597512 | ||
| LOK | |0 005 20240703113211 | ||
| LOK | |0 008 240703||||||||||||||||ger||||||| | ||
| LOK | |0 035 |a (DE-Tue135)historicaldiscou00chan | ||
| LOK | |0 040 |a DE-Tue135 |c DE-627 |d DE-Tue135 | ||
| LOK | |0 092 |o n | ||
| LOK | |0 689 |a f |a Book | ||
| LOK | |0 852 |a DE-Tue135 | ||
| LOK | |0 852 1 |9 00 | ||
| LOK | |0 866 |x SPQUE#Theological Commons Princeton | ||
| LOK | |0 935 |a PRTC | ||
| LOK | |0 939 |a 03-07-24 |b l01 | ||
| OAS | |a 1 | ||
| ORI | |a SA-MARC-ixtheoa001.raw | ||